Sklepy w Lipnicy Wielkiej - Statystyki

Ogólne statystyki
  • Ten quiz został rozwiązany 58 razy
  • Średni wynik to 2 z 10
Statystyki odpowiedzi
miejsce sklep % Poprawnych
murowanica delikatesy centrum
75%
murowanica Hitpol
50%
centrum grapa
25%
centrum groszek
25%
przywarówka sklep ABC
25%
centrum sklep spożywczy
25%
centrum Art. Spożywcze Warzywa i Owoce
0%
centrum pawilon handlowy
0%
przywarówka Sklep spożywco sprzemysłowy
0%
przywarówka Sklep Wielobranżowy Se Li Co
0%
Nie znaleziono quizów pasujących do podanych kryteriów
Rozkład punktacji
Procent ludzi z każdym wynikiem
Percentyl według liczby udzielonych odpowiedzi
Twoja historia wyników
Nie rozwiązałeś tego quizu